| 000 | 01010cad a22002535a 4500 | ||
|---|---|---|---|
| 001 | E148286 | ||
| 008 | 090828s2009 xxk f s000 0 eng d | ||
| 020 | _a9780755976294 | ||
| 035 | _a(Sirsi) u148286 | ||
| 041 | 0 | _aeng | |
| 050 | 0 | 4 | _a333.72 $2 18 |
| 110 | 2 |
_aAtkins _95263 |
|
| 245 | 0 | 0 |
_aMitigating transport's climate change impact in Scotland _bassessment of policy options _h[electronic resource] |
| 260 |
_aEdinburgh _bScottish Government Social Research _c2009 |
||
| 505 | 2 | _aExecutive summary -- Introduction -- Study methodology -- Policy options -- Policy Assessment | |
| 520 | _aExamines ideas for policies that would help to reduce emissions from transport. | ||
| 521 | _aAdvanced | ||
| 590 | _aKA | ||
| 651 | 4 |
_aScotland _y1999- |
|
| 690 | _aENVIRONMENTAL AND LAND CONSULTANCY-SUSTAINABILITY | ||
| 710 | 1 |
_aUniversity of Aberdeen _92596 |
|
| 856 | 4 | 0 |
_uhttps://www.scotland.gov.uk/Publications/2009/08/26141950/0 _zView the report free of charge at www.scotland.gov.uk... |
| 942 | _n0 | ||
| 999 |
_c109990 _d109990 |
||